|
|
|
|
| LEADER |
01705nam a22004094a 4500 |
| 001 |
33804 |
| 003 |
BD-DhAAL |
| 005 |
20211124115000.0 |
| 008 |
180918t2002 enka b 001 0 eng |
| 999 |
|
|
|c 40061
|d 40061
|
| 010 |
|
|
|a 2002033836
|
| 020 |
|
|
|a 1859846858 (cloth)
|
| 020 |
|
|
|a 1859844561 (paper)
|
| 040 |
|
|
|a DLC
|c DLC
|d DLC
|d BD-DhAAL
|
| 042 |
|
|
|a pcc
|
| 050 |
0 |
0 |
|a HM449
|b .B49 2002
|
| 082 |
0 |
0 |
|a 301
|2 21
|
| 100 |
1 |
|
|a Bewes, Timothy
|9 28243
|
| 245 |
1 |
0 |
|a Reification,
|b or, The anxiety of late capitalism /
|c Timothy Bewes
|
| 246 |
3 |
0 |
|a Reification
|
| 246 |
3 |
0 |
|a Anxiety of late capitalism
|
| 260 |
|
|
|a London ;
|a New York :
|b Verso,
|c 2002.
|
| 300 |
|
|
|a xvii, 334 pages :
|b illustrations ;
|c 22 cm.
|
| 504 |
|
|
|a Includes bibliographical references (pages [271]-318) and index.
|
| 520 |
|
|
|a Reification is the process by which an intangible idea is transformed into an identifiable "thing". This book opens up a new formulation of the theory, claiming that, in this age of late capitalism, reification itself is inseparable from the anxiety people feel towards it.
|
| 526 |
|
|
|a ENH
|
| 541 |
|
|
|a Trim Education
|e 33804
|
| 650 |
|
0 |
|a Postmodernism
|x Social aspects.
|9 28244
|
| 650 |
|
0 |
|a Civilization, Modern
|x Philosophy.
|9 28245
|
| 650 |
|
0 |
|a Reality.
|9 28246
|
| 650 |
|
0 |
|a Social perception.
|9 28247
|
| 650 |
|
0 |
|a Philosophy, Modern.
|9 28248
|
| 650 |
|
0 |
|a Reification.
|9 28249
|
| 650 |
|
0 |
|a English language
|9 43040
|
| 852 |
|
|
|a Ayesha Abed Library
|c General Stacks
|
| 942 |
|
|
|2 ddc
|c BK
|
| 952 |
|
|
|0 0
|1 0
|2 ddc
|4 0
|6 301_000000000000000_BEW
|7 0
|9 64366
|a BRACUL
|b BRACUL
|c GEN
|d 2018-09-12
|e Trim Education
|g 2525.00
|l 1
|m 2
|o 301 BEW
|p 3010033804
|r 2025-04-17
|s 2025-03-12
|t 1
|v 2525.00
|w 2018-09-12
|y BK
|